• 首页
  • 本馆介绍
  • 公告通知
  • 最新文献
  • 馆藏检索
  • 电子资源
  • 读者导购
  • 参考咨询
  • 我的图书馆
  • 登录
  • 详细信息显示
  • 放入我的书架
  • 预约/预借图书
  • 作者相关作品
  • 分类相关作品
  • 丛书相关作品
  • 出版社相关作品

书目信息

  • 表格格式
  • 工作单格式
  • 卡片格式
题名:
还魂草
    
 
作者: 巴金 著
分册:  
出版信息: 北京   人民文学出版社  1985
页数: 81页
开本: 19cm
丛书名: 文学小丛书
单 册:
中图分类: I246.57 , I246.5
科图分类:
主题词: 中篇小说--中国--现代--选集
电子资源:
ISBN:
000 00702nam2 2200277 45
001 0185005391
005 20040422105224.9
010    @dCNY0.42
091    @a10019.1407
100    @a19901031d1985 em y0chiy0121 ea
101 0  @achi
102    @aCN@b110000
105    @ay z 000ay
106    @ar
200 10 @a还魂草@Ahai hun cao@f巴金著
210    @a北京@c人民文学出版社@d1985
215    @a81页@d19cm
225 2  @a文学小丛书
410  0 @120010@a文学小丛书
606    @a中篇小说@y中国@z现代@x选集
690    @aI246.57@v3
690    @aI246.5
701  0 @a巴金@Aba jin@4著
801  0 @aCN@b深圳图书馆@c20040422
801  2 @aCN@bNLC@c20040422
905    @f1@b128210@f1@b128212@dI246.5@e48
    
    还魂草/巴金著.-北京:人民文学出版社,1985
    81页;19cm.-(文学小丛书)
    
    
    ISBN :CNY0.42
    
●
相关链接 在E读中查询图书 在五车中查询图书 在当当中查询图书 在豆瓣中查询图书


正题名:还魂草     索取号:I246.5/48         预约/预借

序号 登录号 条形码 馆藏地/架位号 状态 备注
1 0128209   000779170   密集书库/ [索取号:I246.5/48] 在馆    
2 0128210   000097380   第二借阅区/ [索取号:I246.5/48] 在馆    
3 0128212   000097308   第二借阅区/ [索取号:I246.5/48] 在馆    
4 0128213   000097291   第一样本阅览室/ [索取号:I246.5/48] 在馆    
唐山师范学院图书馆 欢迎您!
大连网信软件有限公司© 版权所有